Sharing Mobility as a Factor of Sustainability

Princípy zdieľanej mobility a súčasný stav zdieľanej mobility na Slovensku. Podstatné aspekty súvisiace s rôznymi typmi zdieľanej mobility, aktuálne pôsobiace subjekty, ktoré v prostredí Slovenskej republiky poskytujú služby zdieľanej mobility.

Uložené v:
Podrobná bibliografia
Hlavný autor: Hojdik, Vladimír, 1992-
Médium: Kapitola
Jazyk:Slovak
Predmet:
Tagy: Pridať tag
Žiadne tagy, Buďte prvý, kto otaguje tento záznam!

MARC

LEADER 00000naa$a2200000$$$4500
001 0281066
005 20240530065345.2
041 0 |a slo 
044 |a CZ 
245 1 0 |a Sharing Mobility as a Factor of Sustainability  |c Vladimír Hojdik 
520 |a Princípy zdieľanej mobility a súčasný stav zdieľanej mobility na Slovensku. Podstatné aspekty súvisiace s rôznymi typmi zdieľanej mobility, aktuálne pôsobiace subjekty, ktoré v prostredí Slovenskej republiky poskytujú služby zdieľanej mobility. 
610 2 0 |a rozvoj trvalo udržateľný 
610 2 0 |a mobilita sociálna 
610 2 0 |a autobusy 
610 2 0 |a vozidlá motorové 
610 2 0 |a bicykle 
100 1 |a Hojdik, Vladimír, 1992-